Forgiveness: (Record no. 3914)

MARC details
000 -LEADER
fixed length control field 00640nam a22002057a 4500
003 - CONTROL NUMBER IDENTIFIER
control field GBCCL
005 - DATE AND TIME OF LATEST TRANSACTION
control field 20241126110506.0
008 - FIXED-LENGTH DATA ELEMENTS--GENERAL INFORMATION
fixed length control field 171218b xxu||||| |||| 00| 0 eng d
020 ## - INTERNATIONAL STANDARD BOOK NUMBER
International Standard Book Number 0830724184
020 ## - INTERNATIONAL STANDARD BOOK NUMBER
International Standard Book Number 9780830724185
040 ## - CATALOGING SOURCE
Transcribing agency gbc
082 ## - DEWEY DECIMAL CLASSIFICATION NUMBER
Classification number 268
Item number GIB
100 ## - MAIN ENTRY--PERSONAL NAME
Personal name Gibson, Eva
9 (RLIN) 7684
245 ## - TITLE STATEMENT
Title Forgiveness:
Remainder of title Learning to be forgiven and to forgive form the heart /
Statement of responsibility, etc. Eva Gibson
260 ## - PUBLICATION, DISTRIBUTION, ETC.
Place of publication, distribution, etc. United States of America:
Name of publisher, distributor, etc. Aglow International,
Date of publication, distribution, etc. 1999
440 ## - SERIES STATEMENT/ADDED ENTRY--TITLE
Title Aglow Bible Study Series
9 (RLIN) 7685
650 ## - SUBJECT ADDED ENTRY--TOPICAL TERM
Topical term or geographic name entry element Christian education of adults.
9 (RLIN) 5991
650 ## - SUBJECT ADDED ENTRY--TOPICAL TERM
Topical term or geographic name entry element Christian education -- Curricula.
9 (RLIN) 11109
942 ## - ADDED ENTRY ELEMENTS (KOHA)
Source of classification or shelving scheme Dewey Decimal Classification
Koha item type Books
Holdings
Withdrawn status Lost status Source of classification or shelving scheme Damaged status Not for loan Home library Current Library Shelving location Date acquired Total checkouts Full call number Barcode Date last seen Copy number Price effective from Koha item type
    Dewey Decimal Classification     GRACE BIBLE COLLEGE GRACE BIBLE COLLEGE Ministry & Mission 2017-12-18   268 GIB 007616 2025-05-01 c.1 2017-12-18 Books
    Dewey Decimal Classification     GRACE BIBLE COLLEGE GRACE BIBLE COLLEGE Ministry & Mission 2017-12-18   268 GIB 007617 2025-05-01 c.2 2017-12-18 Books
    Dewey Decimal Classification     GRACE BIBLE COLLEGE GRACE BIBLE COLLEGE Ministry & Mission 2017-12-18   268 GIB 007618 2025-05-01 c.3 2017-12-18 Books
    Dewey Decimal Classification     GRACE BIBLE COLLEGE GRACE BIBLE COLLEGE Ministry & Mission 2017-12-18   268 GIB 007619 2025-05-01 c.4 2017-12-18 Books
© Grace Bible College Library 2025